000 00782nam a2200253 a 4500
001 38175
003 BD-RjUL
005 20211209052737.0
008 990903s2000 enk 001 0 eng d
020 _a8178082993
020 _a9788178082998
035 _a(BD-RjUL)
040 _aDB/U-1
_cBD-RjUL
082 _219
_a001.64
_bMOD 2000
100 1 _aGarcia-Molina, Hector.
_9118106
245 1 0 _aDatabase system implementation /
_cHector Garcia-Molina, Jeffrey Ullman, Jennifer Widom.
260 _aIndia :
_bPearson Education,
_cc2000.
300 _axv, 653 p. ;
_c25 cm.
504 _aIncludes bibliographical references and index
650 0 _aDatabase management
_9117949
700 1 _aUllman, Jeffrey D.,
_9118107
700 1 _aWidom, Jennifer.
_9118108
942 _2ddc
_cBK
999 _c38175
_d38175